[Event "22nd Hogeschool Zeeland Tournament 2018"]
[Site "Vlissingen"]
[Date "2018.08.05"]
[Round "2.33"]
[White "Grochal, Joey"]
[Black "Wouters, Casper"]
[Result "1-0"]
[WhiteElo "2300"]
[BlackElo "1954"]
[PlyCount "72"]
[EventDate "2018.08.05"]
[EventCountry "NED"]
[SourceDate "2018.08.05"]

1. d4 Nf6 2. c4 g6 3. Nc3 Bg7 4. e4 d6 5. Nf3 O-O 6. Be2 e5 7. d5 Nfd7 8. Bg5
f6 9. Bh4 a5 10. a3 Na6 11. Nd2 Nb6 12. Rb1 c5 13. Bg4 Rb8 14. O-O h5 15. Bxc8
Nxc8 16. f3 Bh6 17. Nb3 b6 18. Nc1 Rb7 19. Nd3 Qe8 20. Bg3 f5 21. Qe2 f4 22.
Bf2 g5 23. b4 Rg7 24. bxa5 bxa5 25. Rb5 Qd8 26. Be1 Na7 27. Rb1 g4 28. Nb5 Nc8
29. Qd2 Qg5 30. Rb2 h4 31. Qxa5 gxf3 32. Rxf3 Qg4 33. Rbf2 Nb8 34. Nc7 h3 35.
Ne6 hxg2 36. Nxf8 Kxf8 1-0

[Event "22nd Hogeschool Zeeland Tournament 2018"]
[Site "Vlissingen"]
[Date "2018.08.05"]
[Round "2.34"]
[White "Mensing, Andrew"]
[Black "Bezemer, Arno"]
[Result "0-1"]
[WhiteElo "1964"]
[BlackElo "2295"]
[PlyCount "96"]
[EventDate "2018.08.05"]
[EventCountry "NED"]
[SourceDate "2018.08.05"]

1. e4 c5 2. Nf3 d6 3. d3 Nc6 4. Be3 Nf6 5. Nc3 e6 6. g3 d5 7. exd5 exd5 8. Qe2
Be6 9. d4 cxd4 10. Nxd4 Bb4 11. Bg2 O-O 12. O-O Re8 13. Qb5 Qd6 14. Nce2 a6 15.
Qd3 Rac8 16. f4 Bg4 17. Bf3 Bxf3 18. Rxf3 Ng4 19. h3 Nf6 20. c3 Ba5 21. Kg2 Re4
22. Nf5 Qd7 23. g4 Ree8 24. Neg3 Bc7 25. Bd4 Nxd4 26. Qxd4 Re6 27. Nxg7 Bb6 28.
Nxe6 Bxd4 29. Nxd4 Re8 30. Ngf5 Re4 31. Raf1 Kf8 32. R3f2 b5 33. Rf3 Re8 34.
Re3 Rxe3 35. Nxe3 Qe7 36. Re1 Qe4+ 37. Kf2 Qxf4+ 38. Kg2 Qe4+ 39. Kg3 h5 40.
Re2 Qd3 41. g5 Ne4+ 42. Kh4 Nd6 43. Kxh5 Nc4 44. Nef5 Qxh3+ 45. Nh4 Ne3 46.
Ndf3 Qg4+ 47. Kh6 Nf5+ 48. Nxf5 Qxf3 0-1

[Event "22nd Hogeschool Zeeland Tournament 2018"]
[Site "Vlissingen"]
[Date "2018.08.05"]
[Round "2.35"]
[White "Lammens, Tim"]
[Black "Oostvogels, Niek"]
[Result "1-0"]
[WhiteElo "2293"]
[BlackElo "1948"]
[PlyCount "61"]
[EventDate "2018.08.05"]
[EventCountry "NED"]
[SourceDate "2018.08.05"]

1. Nf3 d5 2. g3 Nf6 3. Bg2 c6 4. O-O Bg4 5. c4 e6 6. d3 Nbd7 7. cxd5 exd5 8. h3
Bxf3 9. Bxf3 Bd6 10. e4 dxe4 11. dxe4 Qc7 12. Nc3 O-O 13. Bg2 Rad8 14. Qc2 Ne5
15. Bg5 Be7 16. Bf4 Bd6 17. Rad1 Nh5 18. Bg5 f6 19. Be3 Nc4 20. Bc1 Kh8 21. Ne2
b5 22. b3 Na3 23. Bxa3 Bxa3 24. Bf3 g6 25. Bxh5 gxh5 26. Nd4 Rg8 27. Ne6 Rxg3+
28. fxg3 Qxg3+ 29. Qg2 Qe3+ 30. Kh1 Rg8 31. Rd8 1-0

[Event "22nd Hogeschool Zeeland Tournament 2018"]
[Site "Vlissingen"]
[Date "2018.08.05"]
[Round "2.36"]
[White "Westerweele, Hendrik"]
[Black "De Boer, Eelke"]
[Result "0-1"]
[WhiteElo "1956"]
[BlackElo "2292"]
[PlyCount "140"]
[EventDate "2018.08.05"]
[EventCountry "NED"]
[SourceDate "2018.08.05"]

1. e4 c5 2. c3 Nf6 3. e5 Nd5 4. d4 cxd4 5. Nf3 d6 6. exd6 Qxd6 7. cxd4 Nc6 8.
Nc3 Bg4 9. Be2 e6 10. O-O Be7 11. Qb3 O-O 12. Nxd5 Qxd5 13. Qxd5 exd5 14. Be3
Bf6 15. a3 Na5 16. h3 Bh5 17. g4 Bg6 18. Ne5 Bxe5 19. dxe5 d4 20. Bxd4 Nb3 21.
Bc3 Nxa1 22. Rxa1 Be4 23. f4 Rfd8 24. Kf2 Bc6 25. h4 a5 26. Rg1 Kf8 27. Ke3 Rd5
28. Bf3 Rd7 29. Be2 b6 30. Bd4 Rb7 31. Rc1 Bd5 32. Bb5 Ke7 33. g5 g6 34. Rc2
Rab8 35. Rf2 Rc7 36. e6 Rc1 37. Kd2 Rh1 38. Bf6+ Kxe6 39. Re2+ Kd6 40. Be5+ Kc5
41. Bxb8 Kxb5 42. Be5 Rxh4 43. Re3 Be6 44. Re2 Kc5 45. Re3 Kd5 46. Rd3+ Kc5 47.
Rc3+ Kb5 48. Re3 a4 49. Re1 Kc5 50. Re3 b5 51. Rc3+ Bc4 52. Re3 Kd5 53. Bb8 Kc6
54. Be5 Kd7 55. Rf3 Ke6 56. Rf2 Rh3 57. Kc2 Kf5 58. Kd2 Ke4 59. Bb8 Rd3+ 60.
Ke1 Re3+ 61. Kd2 Rh3 62. Bc7 Kf5 63. Be5 Rd3+ 64. Ke1 Rh3 65. Kd2 Bd5 66. Bb8
Bf3 67. Bc7 Ke4 68. Be5 Rh1 69. Kc2 Ke3 70. Rd2 Be4+ 0-1

[Event "22nd Hogeschool Zeeland Tournament 2018"]
[Site "Vlissingen"]
[Date "2018.08.05"]
[Round "2.37"]
[White "Peek, Marcel"]
[Black "Hendrikse, Ad"]
[Result "1-0"]
[WhiteElo "2290"]
[BlackElo "1943"]
[PlyCount "51"]
[EventDate "2018.08.05"]
[EventCountry "NED"]
[SourceDate "2018.08.05"]

1. d4 Nf6 2. Nf3 e6 3. c4 d5 4. Nc3 c6 5. Bg5 Be7 6. e3 Nbd7 7. Rc1 O-O 8. Bd3
a6 9. c5 b6 10. cxb6 Qxb6 11. Qc2 h6 12. Bxf6 Bxf6 13. O-O Bb7 14. Na4 Qb4 15.
Nc5 Nxc5 16. Qxc5 Qxc5 17. Rxc5 Be7 18. Rc2 f6 19. Rfc1 Bd6 20. g3 Rac8 21. Nd2
e5 22. Nb3 Rfd8 23. Na5 Rb8 24. Bg6 Bf8 25. a3 Ba8 26. b4 1-0

[Event "22nd Hogeschool Zeeland Tournament 2018"]
[Site "Vlissingen"]
[Date "2018.08.05"]
[Round "2.38"]
[White "Van de Groep, William"]
[Black "Vedder, Richard"]
[Result "0-1"]
[WhiteElo "1949"]
[BlackElo "2284"]
[PlyCount "64"]
[EventDate "2018.08.05"]
[EventCountry "NED"]
[SourceDate "2018.08.05"]

1. c4 g6 2. d4 Bg7 3. Nc3 c5 4. d5 Bxc3+ 5. bxc3 f5 6. h4 Nf6 7. h5 Rg8 8. hxg6
hxg6 9. e3 Qa5 10. Ne2 d6 11. Bd2 Nbd7 12. Qb3 Nb6 13. f3 Bd7 14. Nf4 O-O-O 15.
Bd3 Kb8 16. Rb1 Rc8 17. Rh6 g5 18. Ng6 Nfxd5 19. e4 fxe4 20. fxe4 Nf4 21. Bxf4
gxf4 22. Nxe7 Rh8 23. Rxd6 Ba4 24. Qb2 Rh1+ 25. Bf1 Re8 26. Nd5 Bc6 27. Kf2
Rxf1+ 28. Kxf1 Nxc4 29. Qc1 Nxd6 30. Qxf4 Qd8 31. Kg1 Rxe4 32. Qd2 Nc4 0-1

[Event "22nd Hogeschool Zeeland Tournament 2018"]
[Site "Vlissingen"]
[Date "2018.08.05"]
[Round "2.39"]
[White "Bluehm, Sonja, Maria"]
[Black "Osinga, Angelique"]
[Result "1-0"]
[WhiteElo "2279"]
[BlackElo "1937"]
[PlyCount "61"]
[EventDate "2018.08.05"]
[EventCountry "NED"]
[SourceDate "2018.08.05"]

1. e4 e5 2. Nf3 Nc6 3. Bc4 Bc5 4. c3 Nf6 5. d3 d6 6. a4 a6 7. Nbd2 O-O 8. O-O
Bg4 9. h3 Bh5 10. Re1 d5 11. Bb3 dxe4 12. dxe4 Kh8 13. Qe2 Qe7 14. Nf1 h6 15.
Ng3 Bg6 16. Nh4 Nh5 17. Ngf5 Ng3 18. Nxg3 Qxh4 19. Qf3 Rad8 20. Be3 Bxe3 21.
Rxe3 Rd2 22. Re2 Rxe2 23. Qxe2 Rd8 24. Bd5 Rd6 25. b4 Qf4 26. Qc4 Rf6 27. Rf1
h5 28. b5 Ne7 29. Bxb7 Nf5 30. bxa6 Nxg3 31. a7 1-0

[Event "22nd Hogeschool Zeeland Tournament 2018"]
[Site "Vlissingen"]
[Date "2018.08.05"]
[Round "2.40"]
[White "Feltman, Bart"]
[Black "Frayna, Jeanelle Mae"]
[Result "0-1"]
[WhiteElo "1943"]
[BlackElo "2278"]
[PlyCount "50"]
[EventDate "2018.08.05"]
[EventCountry "NED"]
[SourceDate "2018.08.05"]

1. e4 g6 2. d4 Bg7 3. Be3 d6 4. Nf3 a6 5. h3 Nd7 6. c3 Ngf6 7. Nbd2 O-O 8. Qc2
e5 9. Be2 Nh5 10. g4 Nf4 11. Bxf4 exf4 12. g5 c5 13. O-O-O cxd4 14. cxd4 b5 15.
Kb1 Nb6 16. Nb3 Re8 17. Bd3 Bd7 18. d5 Rc8 19. Qd2 Nc4 20. Qxf4 Nxb2 21. Rd2
Na4 22. Nfd4 Nc3+ 23. Kb2 Qb6 24. Bb1 a5 25. Rc1 b4 0-1

[Event "22nd Hogeschool Zeeland Tournament 2018"]
[Site "Vlissingen"]
[Date "2018.08.05"]
[Round "2.41"]
[White "Heuveling, Gijsbert-Cor"]
[Black "Kulkarni, Ojas"]
[Result "0-1"]
[WhiteElo "1943"]
[BlackElo "2256"]
[PlyCount "110"]
[EventDate "2018.08.05"]
[EventCountry "NED"]
[SourceDate "2018.08.05"]

1. d4 Nf6 2. Nf3 g6 3. c4 Bg7 4. Nc3 d5 5. e3 O-O 6. Be2 c5 7. O-O cxd4 8. Nxd4
Nc6 9. Nxc6 bxc6 10. cxd5 cxd5 11. Bf3 e6 12. Qa4 Bd7 13. Qa6 Qc8 14. Qe2 Rb8
15. Rd1 Ne8 16. Qd3 Nd6 17. Rb1 Qc4 18. Be2 Bxc3 19. Qxc4 Nxc4 20. Bxc4 dxc4
21. Rxd7 Rfd8 22. bxc3 Rxd7 23. Rxb8+ Kg7 24. Kf1 Rd1+ 25. Ke2 Rxc1 26. Kd2 Ra1
27. Rb2 Kf6 28. Ke2 Rc1 29. Kd2 Rh1 30. Ke2 Rxh2 31. Kf3 Rh5 32. Rb4 Rf5+ 33.
Kg3 Rc5 34. a4 Ke5 35. Kf3 f5 36. Rb7 Ra5 37. Rb4 Kd5 38. Ke2 Ra6 39. Rb5+ Kd6
40. Rb4 Rc6 41. f3 e5 42. Kf2 h6 43. Kg3 Ke6 44. Kh3 Kf6 45. Kh4 Rc7 46. Kg3 h5
47. Kh3 g5 48. Kh2 f4 49. e4 g4 50. Kg1 Rd7 51. Rxc4 Rd1+ 52. Kf2 g3+ 53. Ke2
Rg1 54. Rc6+ Kg5 55. Re6 Rxg2+ 0-1

[Event "22nd Hogeschool Zeeland Tournament 2018"]
[Site "Vlissingen"]
[Date "2018.08.05"]
[Round "2.42"]
[White "Reichardt, Robin"]
[Black "Van Baar , Esper"]
[Result "1-0"]
[WhiteElo "1942"]
[BlackElo "2241"]
[PlyCount "85"]
[EventDate "2018.08.05"]
[EventCountry "NED"]
[SourceDate "2018.08.05"]

1. d4 Nf6 2. Nf3 g6 3. c4 Bg7 4. Nc3 O-O 5. e4 d6 6. Be2 e5 7. O-O Nc6 8. d5
Ne7 9. Ne1 Nd7 10. Be3 f5 11. f3 f4 12. Bf2 g5 13. Rc1 a6 14. Nd3 Rf6 15. c5
Qe8 16. g4 fxg3 17. hxg3 Rh6 18. g4 Ng6 19. Kg2 Nxc5 20. Bxc5 dxc5 21. Rh1 Rxh1
22. Qxh1 c4 23. Nc5 b5 24. a4 Qf8 25. b4 cxb3 26. Nxb3 bxa4 27. Nxa4 Nf4+ 28.
Kf1 Qa3 29. Nac5 Bf8 30. Kf2 Qb2 31. Qd1 Nxe2 32. Rc2 Bxc5+ 33. Nxc5 Nc3 34.
Qd2 Nxe4+ 35. Nxe4 Qd4+ 36. Qxd4 exd4 37. Rxc7 a5 38. Nf6+ Kf8 39. d6 a4 40.
Nxh7+ Kg8 41. Nf6+ Kf8 42. d7 Ba6 43. Ra7 1-0

[Event "22nd Hogeschool Zeeland Tournament 2018"]
[Site "Vlissingen"]
[Date "2018.08.05"]
[Round "2.43"]
[White "Muetsch, Annmarie"]
[Black "Den Dunnen, Lola"]
[Result "1-0"]
[WhiteElo "2239"]
[BlackElo "1935"]
[PlyCount "67"]
[EventDate "2018.08.05"]
[EventCountry "NED"]
[SourceDate "2018.08.05"]

1. e4 e5 2. Nf3 Nc6 3. d4 exd4 4. Nxd4 Bc5 5. Nb3 Bb6 6. Nc3 Nf6 7. Qe2 d6 8.
Be3 Be6 9. O-O-O Bxb3 10. axb3 Qe7 11. Bg5 Nd4 12. Qc4 Qe6 13. Rxd4 Bxd4 14.
Qxd4 c6 15. Bc4 Qe5 16. Qxe5+ dxe5 17. Bxf6 gxf6 18. Nd1 b5 19. Be2 a5 20. Ne3
a4 21. b4 a3 22. bxa3 Rxa3 23. Kb2 Ra4 24. c3 O-O 25. Bd1 Ra7 26. Ng4 Kg7 27.
h4 Rd8 28. h5 h6 29. Bc2 Rd2 30. Rh3 Rad7 31. Rg3 Kf8 32. Nxh6 Rxf2 33. Rg8+
Ke7 34. Nf5+ 1-0

[Event "22nd Hogeschool Zeeland Tournament 2018"]
[Site "Vlissingen"]
[Date "2018.08.05"]
[Round "2.44"]
[White "Advait, Bagri"]
[Black "De Waele, Warre"]
[Result "0-1"]
[WhiteElo "1926"]
[BlackElo "2237"]
[PlyCount "68"]
[EventDate "2018.08.05"]
[EventCountry "NED"]
[SourceDate "2018.08.05"]

1. d4 d5 2. Bf4 Nf6 3. e3 c5 4. c3 Nc6 5. Nd2 Bf5 6. Qb3 Qc8 7. Bb5 a6 8. Bxc6+
Qxc6 9. dxc5 Nd7 10. e4 Nxc5 11. exd5 Qc8 12. Qd1 Nd3+ 13. Kf1 Nxf4 14. Qa4+
Qd7 15. Qxf4 Qxd5 16. Ne2 e6 17. Qd4 Qxd4 18. cxd4 Bb4 19. Nc4 O-O 20. a3 Be7
21. Nb6 Rad8 22. Rc1 Bd6 23. Rc3 Bb8 24. Na4 e5 25. Rc5 Bd7 26. Nac3 Bd6 27.
Ra5 Bc7 28. Rc5 Bc6 29. Rc4 Bb6 30. dxe5 Rd2 31. Rb4 Rfd8 32. Ke1 Bb5 33. a4
Ba5 34. Re4 Rd1# 0-1

[Event "22nd Hogeschool Zeeland Tournament 2018"]
[Site "Vlissingen"]
[Date "2018.08.05"]
[Round "2.46"]
[White "Tibke, Jonas"]
[Black "Van Dommelen, Martini"]
[Result "1/2-1/2"]
[WhiteElo "1921"]
[BlackElo "2192"]
[PlyCount "137"]
[EventDate "2018.08.05"]
[EventCountry "NED"]
[SourceDate "2018.08.05"]

1. e4 d6 2. d4 Nf6 3. Nc3 e5 4. Nf3 Nbd7 5. Bc4 exd4 6. Qxd4 Nb6 7. Bb3 Be7 8.
O-O O-O 9. Qd3 Nfd7 10. Be3 Bf6 11. Rad1 Qe7 12. Rfe1 Re8 13. a4 Bxc3 14. Qxc3
Nc5 15. Bxc5 dxc5 16. a5 Nd7 17. e5 Nf8 18. Ba4 Bd7 19. Bxd7 Nxd7 20. Rd5 b6
21. Red1 Nf8 22. Qd2 h6 23. h3 Qe6 24. Qd3 Ng6 25. Rd7 Rac8 26. Qa6 Nxe5 27.
Nxe5 Qxe5 28. Qxa7 Qxb2 29. axb6 Qxb6 30. Qa2 Qf6 31. Qa5 Qc6 32. Qc3 Re6 33.
Qc4 Rce8 34. Qf4 Rf6 35. Qc4 Rfe6 36. Qf4 Rf6 37. Qc4 Ree6 38. Rd8+ Kh7 39.
R8d5 Rg6 40. Kf1 Rd6 41. R1d3 Qb7 42. f3 Rxd5 43. Rxd5 Qb1+ 44. Kf2 Qh1 45. Qf1
Qh2 46. Rd2 Qg3+ 47. Ke2 Qe5+ 48. Kd1 Re6 49. Qd3+ g6 50. c3 Kg7 51. Re2 Qxe2+
52. Qxe2 Rxe2 53. Kxe2 Kf6 54. c4 Kf5 55. Ke3 g5 56. g3 h5 57. f4 f6 58. Kf3
Ke6 59. Ke4 f5+ 60. Kf3 g4+ 61. hxg4 fxg4+ 62. Ke4 Kf6 63. f5 Kf7 64. Kf4 Kf6
65. Ke4 Kf7 66. Kf4 Kf6 67. Ke4 Ke7 68. Kf4 Kf6 69. Ke4 1/2-1/2

[Event "22nd Hogeschool Zeeland Tournament 2018"]
[Site "Vlissingen"]
[Date "2018.08.05"]
[Round "2.47"]
[White "Sparenberg, Erik"]
[Black "Van Gemert, Rogier"]
[Result "1-0"]
[WhiteElo "2173"]
[BlackElo "1901"]
[PlyCount "111"]
[EventDate "2018.08.05"]
[EventCountry "NED"]
[SourceDate "2018.08.05"]

1. e4 g6 2. d4 Bg7 3. Nc3 c6 4. Nf3 d5 5. e5 Bg4 6. Be2 e6 7. O-O Bxf3 8. Bxf3
Ne7 9. Ne2 O-O 10. c3 c5 11. Bg5 h6 12. Bf4 Nbc6 13. Bg4 cxd4 14. cxd4 Qb6 15.
Qd2 h5 16. Bh3 Rac8 17. Bg5 Rc7 18. Rfc1 Rfc8 19. Rc3 Kf8 20. Rf3 Nd8 21. Nc3
Rc4 22. Rd1 Qc6 23. g3 Nf5 24. Bxf5 exf5 25. Bxd8 Rxd8 26. b3 Rb4 27. Ne2 Rb6
28. Rc3 Qd7 29. Rdc1 Rc6 30. Rxc6 bxc6 31. Rc5 Ke8 32. Qc2 Rc8 33. Nf4 Kd8 34.
Nd3 Bf8 35. Rc3 Qe6 36. b4 Be7 37. Nf4 Qd7 38. a3 Rc7 39. Qe2 Bg5 40. Nd3 Qc8
41. Nc5 Be7 42. Nb3 Kd7 43. Na5 Ke6 44. Nb3 Qb7 45. Nc1 Kd7 46. Nd3 Qb5 47. Kg2
a5 48. Nc5+ Bxc5 49. Qxb5 cxb5 50. Rxc5 Rxc5 51. dxc5 axb4 52. axb4 Ke6 53. f4
f6 54. exf6 Kxf6 55. Kf2 Ke6 56. h4 1-0

[Event "22nd Hogeschool Zeeland Tournament 2018"]
[Site "Vlissingen"]
[Date "2018.08.05"]
[Round "2.48"]
[White "Welten, Hans"]
[Black "Elgersma, Onno"]
[Result "0-1"]
[WhiteElo "1911"]
[BlackElo "2171"]
[PlyCount "94"]
[EventDate "2018.08.05"]
[EventCountry "NED"]
[SourceDate "2018.08.05"]

1. d4 Nf6 2. c4 e6 3. Nc3 Bb4 4. a3 Bxc3+ 5. bxc3 d5 6. e3 c5 7. Qc2 O-O 8. Bd3
dxc4 9. Bxc4 Qc7 10. Nf3 b6 11. O-O cxd4 12. cxd4 Ba6 13. Bd3 Qxc2 14. Bxc2
Bxf1 15. Kxf1 Nc6 16. Bd2 Rfd8 17. Ke2 Rac8 18. Bd3 Ne7 19. h3 Rc7 20. e4 Ng6
21. g3 Rcd7 22. Ke3 Ne8 23. Bb5 Rc7 24. Bd3 Nd6 25. Bb4 Nc4+ 26. Ke2 Nb2 27.
Ba6 Rc2+ 28. Kf1 Rc7 29. Ke2 Na4 30. Kd3 Nc5+ 31. Bxc5 bxc5 32. Rc1 Rdd7 33.
Bb5 cxd4 34. Rxc7 Rxc7 35. Kxd4 Kf8 36. a4 f6 37. h4 Ke7 38. h5 Nf8 39. g4 e5+
40. Kd3 Ne6 41. Nh4 Nf4+ 42. Kd2 g6 43. h6 Rc8 44. Nf3 Nh3 45. Ke1 Rc3 46. Nh4
Nf4 47. f3 Rc1+ 0-1

[Event "22nd Hogeschool Zeeland Tournament 2018"]
[Site "Vlissingen"]
[Date "2018.08.05"]
[Round "2.49"]
[White "Stange, Sven"]
[Black "Cordes, Jules"]
[Result "1-0"]
[WhiteElo "2161"]
[BlackElo "1520"]
[PlyCount "111"]
[EventDate "2018.08.05"]
[EventCountry "NED"]
[SourceDate "2018.08.05"]

1. d4 d5 2. c4 c6 3. cxd5 cxd5 4. Bf4 Nf6 5. Nc3 Nc6 6. e3 Bf5 7. Qb3 Qb6 8.
Qxb6 axb6 9. Nf3 h6 10. Be2 e6 11. O-O Be7 12. Nb5 O-O 13. a3 Rac8 14. b4 Nd7
15. Nd6 Bxd6 16. Bxd6 Rfd8 17. h3 Nf6 18. Bh2 Ne8 19. Rfc1 Na7 20. g4 Bh7 21.
Ne5 f6 22. Nf3 Rxc1+ 23. Rxc1 Rc8 24. Rxc8 Nxc8 25. Nd2 Kf7 26. Kf1 Ke7 27. Ke1
Bc2 28. Nf1 Kd7 29. Kd2 Ba4 30. Kc3 Ke7 31. Nd2 Bd7 32. Kb3 Kd8 33. Nb1 Ke7 34.
Nc3 Kd8 35. e4 dxe4 36. Nxe4 Ke7 37. Nc3 Ned6 38. b5 Kd8 39. a4 Ke7 40. Bf3 Kd8
41. Ne4 Ne8 42. Nd2 Ned6 43. Nc4 Ke7 44. Nxd6 Nxd6 45. Bxd6+ Kxd6 46. Bxb7 Kc7
47. Bf3 Bc8 48. Kb4 Bb7 49. Bxb7 Kxb7 50. a5 bxa5+ 51. Kxa5 g5 52. b6 Kb8 53.
Kb5 Kb7 54. Kc5 Kb8 55. Kd6 Kb7 56. Kxe6 1-0

[Event "22nd Hogeschool Zeeland Tournament 2018"]
[Site "Vlissingen"]
[Date "2018.08.05"]
[Round "2.50"]
[White "Anusha, N L V."]
[Black "Lopez-Rojas, Jeffrey"]
[Result "1/2-1/2"]
[WhiteElo "1898"]
[BlackElo "2156"]
[PlyCount "139"]
[EventDate "2018.08.05"]
[EventCountry "NED"]
[SourceDate "2018.08.05"]

1. d4 g6 2. e4 Bg7 3. Nf3 d6 4. Nc3 a6 5. Be2 Nd7 6. O-O b5 7. Bf4 e6 8. Qd2
Bb7 9. d5 e5 10. Be3 Ndf6 11. a3 h6 12. Ne1 g5 13. Nd3 Ne7 14. a4 O-O 15. axb5
axb5 16. Nb4 c5 17. dxc6 Nxc6 18. Nbd5 Nd4 19. Nxf6+ Bxf6 20. Bd3 Bg7 21. f3
Bc6 22. Ne2 d5 23. exd5 Bxd5 24. Rad1 Qb8 25. Ng3 Bc4 26. Nh5 Bxd3 27. Qxd3 Rd8
28. Bxd4 Rxd4 29. Qe2 Qb6 30. Qe3 Rd6 31. Qxb6 Rxb6 32. Rfe1 Bh8 33. Ng3 Rc8
34. Rd2 e4 35. Nf5 Kf8 36. Red1 Rbb8 37. fxe4 Bxb2 38. Nxh6 Re8 39. Rd7 Re7 40.
Rd8+ Re8 41. R8d7 Re7 42. Rd8+ Re8 43. Rxb8 Rxb8 44. Rd7 f6 45. Nf5 Rc8 46. Rb7
Rxc2 47. Rxb5 Be5 48. Rb1 Ke8 49. g3 Re2 50. Rb4 Kf7 51. Rb7+ Ke8 52. Rb4 Ra2
53. h4 gxh4 54. gxh4 Kf8 55. h5 Kg8 56. h6 Ra7 57. Kg2 Kh7 58. Kf3 Bc3 59. Rb1
Bd2 60. Rd1 Bg5 61. Kg4 Kg6 62. Rh1 Rh7 63. Rd1 Bxh6 64. Nh4+ Kf7 65. Rd7+ Kg8
66. Rd8+ Kf7 67. Rd7+ Kg8 68. Rxh7 Kxh7 69. Kf5 Kg7 70. e5 1/2-1/2